Reading materials for use in teaching about various cultures: The byelorussian Soviet socialist republic (Record no. 1355737)

MARC details
000 -LEADER
fixed length control field 00561nam a2200169Ia 4500
005 - DATE AND TIME OF LATEST TRANSACTION
control field 20250508155254.0
008 - FIXED-LENGTH DATA ELEMENTS--GENERAL INFORMATION
fixed length control field 008 250505s9999 xx 000 0 eng d
037 ## - SOURCE OF ACQUISITION
Stock number Textual
040 ## - CATALOGING SOURCE
Original cataloging agency FEDL
Language of cataloging eng
Transcribing agency FEDL
041 ## - LANGUAGE CODE
Language code of text/sound track or separate title eng
Source of code eng
084 ## - COLON CLASSIFICATION NUMBER
Classification number 914.47, UNE
Assigning agency FEDL
245 #0 - TITLE STATEMENT
Title Reading materials for use in teaching about various cultures: The byelorussian Soviet socialist republic
245 #0 - TITLE STATEMENT
Statement of responsibility, etc. United Nations Educational, Scientific and Cultural Organization
300 ## - PHYSICAL DESCRIPTION
Extent 51p.
942 ## - ADDED ENTRY ELEMENTS (KOHA)
Koha item type Textual
Classification part 914.47, UNE
Holdings
Withdrawn status Lost status Damaged status Not for loan Home library Current library Date acquired Total Checkouts Full call number Barcode Date last seen Price effective from Koha item type
        Department of Education Library Department of Education Library 2025-05-08   914.47, UNE EL0040687 2025-05-08 2025-05-08 Textual
Copyright @ Delhi University Library System